000 00551nam a22001817a 4500
005 20140321113831.0
010 _aENG-109590
020 _a9789381506448
_c295.00
035 _aEN-93123
037 _bDBAD/PUB
100 _aParthasarathy, Indira
245 _aPoison roots /
_cby Indira Parthasarathy; translated from Tamil by Padma Narayanan
260 _aNew Delhi
_bAmaryllis
_c2014
270 _a7/32, Ground Floor, Ansari Road, Daryaganj
_bNew Delhi
_e110002
300 _a238p.
_c18cm(pbk)
700 _aNarayanan, Padma
942 _2ddc
_cEN
_mPAR
999 _c83117
_d83117